Normal view
MARC view
- Skolnik, Merrill I.
Entry Personal Name
001 - CONTROL NUMBER
- control field: 125732
003 - CONTROL NUMBER IDENTIFIER
- control field: NUST
005 - DATE AND TIME OF LATEST TRANSACTION
- control field: 20240909163041.0
008 - FIXED-LENGTH DATA ELEMENTS
- fixed length control field: 240909|| aca||aabn | a|a d
040 ## - CATALOGING SOURCE
- Original cataloging agency: NUST
- Transcribing agency: NUST
100 ## - HEADING--PERSONAL NAME
- Personal name: Skolnik, Merrill I.
- Dates associated with a name: 1927-
670 ## - SOURCE DATA FOUND
- Source citation: Work cat.: (NUST)8399: Radar handbook , c1990.
